Hematología clinica / (Registro nro. 22330)
[ vista simple ]
| 000 -LEADER | |
|---|---|
| fixed length control field | 01878nam a2200421 4500 |
| 003 - CONTROL NUMBER IDENTIFIER | |
| control field | CO-CtgCURN |
| 005 - DATE AND TIME OF LATEST TRANSACTION | |
| control field | 20260409154646.0 |
| 007 - PHYSICAL DESCRIPTION FIXED FIELD--GENERAL INFORMATION | |
| fixed length control field | ta |
| 008 - FIXED-LENGTH DATA ELEMENTS--GENERAL INFORMATION | |
| fixed length control field | 160627s2000 000 0 eng d |
| 020 ## - INTERNATIONAL STANDARD BOOK NUMBER | |
| International Standard Book Number | 968426819x |
| 040 ## - CATALOGING SOURCE | |
| Original cataloging agency | CO-CtgCURN |
| Language of cataloging | spa |
| Transcribing agency | coctgcurn |
| 082 0# - DEWEY DECIMAL CLASSIFICATION NUMBER | |
| Classification number | 616.15 |
| Item number | M24h |
| 100 1# - MAIN ENTRY--PERSONAL NAME | |
| Personal name | McKenzie, Shirlyn B. |
| 245 10 - TITLE STATEMENT | |
| Title | Hematología clinica / |
| Statement of responsibility, etc. | Shirlyn B. McKenzie ; Jorge A. Mérigo Jane, Alberto Santo Pérez. |
| 250 ## - EDITION STATEMENT | |
| Edition statement | 2a ed. |
| 260 ## - PUBLICATION, DISTRIBUTION, ETC. | |
| Place of publication, distribution, etc. | México : |
| Name of publisher, distributor, etc. | Manual Moderno, |
| Date of publication, distribution, etc. | 2000. |
| 300 ## - PHYSICAL DESCRIPTION | |
| Extent | 873 p. |
| 336 ## - CONTENT TYPE | |
| Source | rdacontent |
| 337 ## - MEDIA TYPE | |
| Source | rdamedia |
| Media type term | sin mediacion |
| Media type code | n |
| 338 ## - CARRIER TYPE | |
| Source | rdacarrier |
| Carrier type term | volumen |
| Carrier type code | nc |
| 500 ## - GENERAL NOTE | |
| General note | Incluye indice y glosario. |
| 505 8# - FORMATTED CONTENTS NOTE | |
| Formatted contents note | Estructura y función de órganos hematopoyéticos y desarrollo de células sanguíneas.-- El eritrocito.-- El leucocito.-- Aspectos generales y clasificación de la anemia.-- Anemia por defectos en la síntesis del hem.-- Anemias causadas por anomalidades en la biosíntesis de la globina.-- Transtornos no malignos de los granulocitos y de los monocitos.-- Transtornos no malignos del linfocito |
| 590 ## - LOCAL NOTE (RLIN) | |
| Local note | Hematología general (Bacteriología) |
| 650 14 - SUBJECT ADDED ENTRY--TOPICAL TERM | |
| Topical term or geographic name entry element | Hematología |
| General subdivision | Investigaciones |
| Geographic subdivision | Chile. |
| 650 14 - SUBJECT ADDED ENTRY--TOPICAL TERM | |
| Topical term or geographic name entry element | Sangre |
| General subdivision | Análisis. |
| 650 14 - SUBJECT ADDED ENTRY--TOPICAL TERM | |
| Topical term or geographic name entry element | Hematología |
| General subdivision | Investigaciones. |
| 650 14 - SUBJECT ADDED ENTRY--TOPICAL TERM | |
| Topical term or geographic name entry element | Enfermedades de la sangre. |
| 700 1# - ADDED ENTRY--PERSONAL NAME | |
| Personal name | Santos Pérez, Alberto, |
| Titles and other words associated with a name | Editor. |
| 700 1# - ADDED ENTRY--PERSONAL NAME | |
| Personal name | Mérigo Jane, Jorge A, |
| Titles and other words associated with a name | Traductor. |
| 908 ## - PUT COMMAND PARAMETER (RLIN) | |
| Put command parameter | 160627 |
| 942 ## - ADDED ENTRY ELEMENTS (KOHA) | |
| Koha item type | Libros |
| Classification part | 616.15 |
| Item part | M24h |
| Source of classification or shelving scheme | Dewey Decimal Classification |
| Withdrawn status | Lost status | Source of classification or shelving scheme | Damaged status | Not for loan | Collection | Home library | Current library | Shelving location | Date acquired | Inventory number | Total checkouts | Full call number | Barcode | Date last seen | Copy number | Price effective from | Koha item type | Public note |
|---|---|---|---|---|---|---|---|---|---|---|---|---|---|---|---|---|---|---|
| Dewey Decimal Classification | General | Miguel Henríquez Emiliani | Miguel Henríquez Emiliani | General | 03/31/2025 | 009054 | 616.15 M24h | 009054 | 03/31/2025 | ej.1 | 03/31/2025 | Libros | 610-CIENME | |||||
| Dewey Decimal Classification | General | Miguel Henríquez Emiliani | Miguel Henríquez Emiliani | General | 03/31/2025 | 009055 | 616.15 M24h | 009055 | 03/31/2025 | ej.2 | 03/31/2025 | Libros | 610-CIENME | |||||
| Dewey Decimal Classification | General | Miguel Henríquez Emiliani | Miguel Henríquez Emiliani | General | 03/31/2025 | 009056 | 616.15 M24h | 009056 | 03/31/2025 | ej.3 | 03/31/2025 | Libros | 610-CIENME | |||||
| Dewey Decimal Classification | General | Miguel Henríquez Emiliani | Miguel Henríquez Emiliani | General | 03/31/2025 | 009057 | 616.15 M24h | 009057 | 03/31/2025 | ej.4 | 03/31/2025 | Libros | 610-CIENME | |||||
| Dewey Decimal Classification | General | Miguel Henríquez Emiliani | Miguel Henríquez Emiliani | General | 03/31/2025 | 009058 | 616.15 M24h | 009058 | 03/31/2025 | ej.4 | 03/31/2025 | Libros | 610-CIENME | |||||
| Dewey Decimal Classification | General | Miguel Henríquez Emiliani | Miguel Henríquez Emiliani | General | 03/31/2025 | 009059 | 616.15 M24h | 009059 | 03/31/2025 | ej.4 | 03/31/2025 | Libros | 610-CIENME |